|
|
|
|
| LEADER |
00000nam0a2200000 4500 |
| 001 |
254051 |
| 005 |
20231101232912.0 |
| 035 |
|
|
|a (RuTPU)RU\TPU\book\276473
|
| 035 |
|
|
|a RU\TPU\book\263021
|
| 090 |
|
|
|a 254051
|
| 100 |
|
|
|a 20130819d1961 m y0rusy50 ca
|
| 101 |
0 |
|
|a rus
|
| 102 |
|
|
|a RU
|
| 105 |
|
|
|a a j 000zy
|
| 200 |
1 |
|
|a Задачник по геодезии
|h Часть 1
|e учебное пособие для вузов
|f М. А. Гиршберг
|
| 210 |
|
|
|a Москва
|c Геодезиздат
|d 1961
|
| 215 |
|
|
|a 288 с.
|c ил.
|
| 606 |
1 |
|
|a Геодезия
|2 stltpush
|3 (RuTPU)RU\TPU\subj\6015
|9 33982
|
| 610 |
1 |
|
|a учебные пособия
|
| 610 |
1 |
|
|a задачники
|
| 610 |
1 |
|
|a задачи
|
| 610 |
1 |
|
|a топографические карты
|
| 610 |
1 |
|
|a измерения
|
| 610 |
1 |
|
|a ошибки
|
| 610 |
1 |
|
|a геодезические инструменты
|
| 610 |
1 |
|
|a теодолиты
|
| 610 |
1 |
|
|a теодолитные работы
|
| 610 |
1 |
|
|a теодолитная съемка
|
| 610 |
1 |
|
|a вычислительные работы
|
| 610 |
1 |
|
|a графические работы
|
| 610 |
1 |
|
|a площади
|
| 610 |
1 |
|
|a вычисления
|
| 675 |
|
|
|a 528(076)
|v 3
|
| 700 |
|
1 |
|a Гиршберг
|b М. А.
|g Моисей Абрамович
|
| 801 |
|
1 |
|a RU
|b 63413507
|c 20140318
|
| 801 |
|
2 |
|a RU
|b 63413507
|c 20171012
|g RCR
|
| 942 |
|
|
|c BK
|